Edens Zero Personnages par Images - Statistiques

Statistiques générales
  • Ce quiz a été pris 2 fois
  • Le résultat moyen est 21 sur 127
Statistiques - réponses
Par images Réponse % Correct
Drakken Joe
100%
E.M. Pino
100%
Erzy Crimson / Elsie
100%
Happy
100%
Harmit Mio / Hermit
100%
Homura Kôgetsu
100%
Mosuko Versar Rei / Mosco
100%
Poseidon Nero
100%
Rebecca Bluegarden
100%
Shiki Granbell
100%
Valkyrie Yuna
100%
Weisz Steiner [X442]
100%
Xenolith
100%
Ziggy
100%
Chris Rutherford (Jinn)
50%
Justice (James Holloway)
50%
Kauchipo / Couchpo
50%
Kleene Rutherford (Sylph)
50%
Laguna Hughselt
50%
Michael
50%
Mother
50%
Muller
50%
Noa Glenfield
50%
Sister
50%
Sister Ivry
50%
Weisz Steiner [X492]
50%
Witch Regret
50%
Allen
0%
Amira
0%
Andrew
0%
Annie
0%
Aruna
0%
Audrey
0%
Baku
0%
Beast Squad 1
0%
Beast Squad 1
0%
Beast Squad 1
0%
Behrman
0%
Bernadette [X442]
0%
Bernadette [X492]
0%
Brigandine
0%
Britney
0%
Callum Steelford
0%
Castellan
0%
Cedric
0%
Clarisse Layer
0%
Clown
0%
Connor
0%
Creed
0%
Croque-Mitemps
0%
Cure
0%
Cyca
0%
Daichi
0%
Diego Reyes
0%
Dylan
0%
Eagle
0%
Eraser
0%
Fabiano
0%
Faye / Fie
0%
Feather
0%
Flanker Yocchi
0%
Flappy
0%
Foot Brothers
0%
Foot Brothers
0%
Furena
0%
Ganof
0%
Garrett / Garrot
0%
Ghiron / Guiron
0%
Gôen / Gowen
0%
Gomakichi
0%
Goodwin
0%
Hawley / Holy
0%
Highway Yana
0%
Hyôga
0%
Ibaraki
0%
Icchy
0%
Ijuna
0%
Illega
0%
Irma Steiner
0%
Jaguar
0%
Jamirov / Jamilov
0%
Jessie / Jesse
0%
John
0%
Kenta
0%
Kevin
0%
Killer
0%
Kopa / Copa
0%
Kurenai Kôgetsu
0%
Laviria Christy / Labilia
0%
Lizarre
0%
Lyra
0%
Maria Slime
0%
Metal Bogey
0%
Mii / Miimi
0%
Milon
0%
Mirrani Lucra
0%
Mitora / Mithra
0%
Miyako
0%
Mora
0%
Murray Morrison
0%
Nadia
0%
Naru
0%
Nasseh
0%
Neepa
0%
Nino
0%
Orc
0%
Paul
0%
Payo [X442]
0%
Payo [X492]
0%
Poseidon Shura
0%
Rickard
0%
Russo
0%
Seth Anderson
0%
Sheila
0%
Shino / Trollburglar
0%
Sibylle / Sibir [X442]
0%
Sibylle / Sibir [X492]
0%
Spider
0%
TB 7000
0%
Van
0%
Victory
0%
Ward
0%
Willem
0%
Wizard
0%
Xiaomei
0%
Yak
0%
Zoy
0%
Aucun quiz correspondant
Distribution des résultats
% des personnes avec chaque résultat
Percentile par nombre de réponses
Votre historique - résultats
Vous n’avez pas pris ce quiz